| 000 | 01449nam a2200373 c 4500 | ||
|---|---|---|---|
| 001 | 16446 | ||
| 003 | ES-MaCES | ||
| 005 | 20141221122428.0 | ||
| 007 | cr ||||||||||| | ||
| 008 | 040420s2004 sp l o000 | spa d | ||
| 017 |
_aM 6765-2004 _bDL |
||
| 035 | _aCES20040006321m | ||
| 040 |
_aES-MaCES _bspa _cES-MaCES |
||
| 110 | 2 |
_aConsejo Económico y Social (España) _92408 |
|
| 245 | 1 | 0 |
_aDictamen 1-2004 sobre los proyectos de Reales Decretos _b: Reglamento del sector ferroviario, Estatuto del administrador de infraestructuras ferroviarias, Estatuto de la Entidad Pública Empresarial RENFE-Operadora : Sesión extraordinaria del Pleno de 28 de enero de 2004 _cConsejo Económico y Social |
| 250 | _a1ª ed | ||
| 260 |
_aMadrid _bCES _c2004 |
||
| 300 |
_a26 p. _c24 cm |
||
| 490 | 1 |
_aColección Dictámenes _v1-2004 |
|
| 500 | _aTít. tomado de la cub. | ||
| 541 | _cGratuito | ||
| 610 | 2 | 4 |
_aEntidad Pública Empresarial RENFE-Operadora _92670 |
| 650 | 4 |
_aferrocarril _928029 |
|
| 650 | 4 |
_atransporte ferroviario _928053 |
|
| 650 | 4 |
_ared ferroviaria _928030 |
|
| 650 | 4 |
_arégimen jurídico _929894 |
|
| 650 | 4 |
_adictamen _930802 |
|
| 653 | 1 | 0 | _aTransporte-Comunicaciones |
| 830 | 0 |
_aColección Dictámenes (Consejo Económico y Social (España)) _v1-2004 _932521 |
|
| 856 | 4 | _uhttp://www.ces.es/documents/DIC/2004/01 | |
| 902 | _aLIB Libro | ||
| 942 |
_2CES _cBK _h5.2. |
||
| 999 |
_c16446 _d16446 |
||